000 01139nam a22003257a 4500
003 CHAP
005 20220329140528.0
008 971013s1981 mx r 00010 spa d
010 _a53398
011 _a54370
020 _a9688230766
035 _a58521
040 _cCHAP
082 _a301.35
_bW45Y
100 0 0 _aWeitz, Raanán.
_9121406
245 1 0 _aDesarrollo rural integrado
_b: el enfoque de Rejovot
_c/por Raanan Weitz
260 _aMéxico, D.F. :
_bConsejo Nacional de Ciencia y Tecnología,
_c1981
300 _a118 p.
590 _aBATCH-UPD
_b10
_c20130110
_lUCH01
_h0725
590 _aBATCH-UPD
_b10
_c20130914
_lUCH01
_h1155
590 _aCONVERSION
_b10
_c20130109
_lUCH01
_h1329
650 1 4 _aAgricultura
_xIsrael.
_91712
650 1 4 _aDesarrollo rural.
_932067
650 1 4 _aIsrael
_xCondiciones rurales.
_960641
901 _aBK
942 _cLIBRO
949 _a301.35 W45Y
_bBC
_cLIBRO
_d33724000227153
_eLIBRO
_h58196
_i58521
_si
_t50.00
949 _a301.35 W45Y
_bBC
_cLIBRO
_d33724000299533
_eLIBRO
_fc.2
_h79926
_i58521
_si
_t50.00
949 _a301.35 W45Y
_bBC
_cLIBRO
_d33724002312785
_eLIBRO
_fc.3
_gDonaciØn
_h115937
_i58521
_sb
999 _c53398
_d53398